Gaming Quiz

Random Gaming or Year Quiz

1997 Video Games Quiz Stats

 Plays Quiz not verified by Sporcle

Score 0/40 Timer 10:00
0 Plays Today
% Correct
GoldenEye 007 (1997)
95.7%
Final Fantasy VII (1997)
83.9%
Crash Bandicoot 2: Cortex Strikes Back (1997)
83.9%
Tomb Raider II (1997)
82.8%
Star Fox 64 (1997)
81.7%
Mortal Kombat 4 (1997)
76.3%
Grand Theft Auto (1997)
75.3%
Diddy Kong Racing (1997)
72%
Tekken 3 (1997)
67.7%
Quake II (1997)
63.4%
Fallout (1997)
62.4%
Gran Turismo (1997)
59.1%
Castlevania: Symphony of the Night (1997)
58.1%
Mega Man X4 (1997)
57%
Age of Empires (1997)
50.5%
Turok: Dinosaur Hunter (1997)
43%
Need for Speed II (1997)
39.8%
NFL Blitz (1997)
35.5%
The Curse of Monkey Island (1997)
34.4%
Final Fantasy Tactics (1997)
32.3%
% Correct
Blast Corps (1997)
32.3%
Blade Runner (1997)
32.3%
Riven (1997)
31.2%
Carmageddon (1997)
29%
Ace Combat 2 (1997)
24.7%
Oddworld: Abe's Oddysee (1997)
23.7%
Breath of Fire III (1997)
23.7%
Ultima Online (1997)
22.6%
Darkstalkers 3 (1997)
17.2%
Star Wars Jedi Knight: Dark Forces II (1997)
16.1%
Postal (1997)
15.1%
Total Annihilation (1997)
12.9%
Blood (1997)
11.8%
Alundra (1997)
11.8%
Sid Meier's Gettysburg! (1997)
9.7%
Extreme-G (1997)
8.6%
Outlaws (1997)
7.5%
Hexen II (1997)
7.5%
Colony Wars (1997)
7.5%
Myth: The Fallen Lords (1997)
6.5%

You're not logged in!

Compare scores with friends on all Sporcle quizzes.
OR
Log In

Sporcle TV

Today on Sporcle TV


Watch our educational content, quiz creation guides, and fun videos on Sporcle TV.

Show Comments

Extras

Top Quizzes Today


Score Distribution

Your Account Isn't Verified!

In order to create a playlist on Sporcle, you need to verify the email address you used during registration. Go to your Sporcle Settings to finish the process.

Report this User

Report this user for behavior that violates our Community Guidelines.

Details: